Bilecik Bilecik Bilecik Bilecik Bilecik

Güldeste : (Record no. 9662)

MARC details
000 -BAŞLIK
Sabit Uzunluktaki Kontrol Alanı 01594nam a22003017a 4500
001 - KONTROL NUMARASI
Control Dosyası 0009690
003 - KONTROL NUMARASI KİMLİĞİ
Kontrol Alanı KOHA_MİRAKIL
005 - EN SON İŞLEM TARİHİ ve ZAMANI
Kontrol Alanı 20260207001718.0
007 - FİZİKSEL TANIM SABİT ALAN - GENEL BİLGİ
Sabit uzunluklu kontrol alanı ta
008 - SABİT UZUNLUKTAKİ VERİ ÖGELERİ - GENEL BİLGİ
Sabit Alan 091023b1999 tu |||gr||||#0|||1|tur |
020 ## - ISBN - ULUSLARARASI STANDART KİTAP NUMARASI
Isbn 9754371652
040 ## - KATALOGLAMA KAYNAĞI
Özgün Kataloglama Kurumu TR-BiSEU
Kataloglama Dili tur
Çeviri Kurumu TR-BiSEU
Açıklama Kuralları rda
041 0# - DİL KODU
Metin ya da ses kaydının dil kodu tur
044 ## - YAYINLAYAN/ÜRETEN KURULUŞUN ÜLKE KODU
ISO country code tu
050 ## - SINIFLAMA ve YER NUMARASI
Sınıflama Numarası PL234
Yer Numarası .B35 1999
100 1# - KİŞİ ADI
Yazar Adı (Kişi adı) Bakırcıoğlu, N. Ziya .
245 1# - ESER ADI BİLDİRİMİ
Başlık Güldeste :
Alt Eseradı vb. 20. yüzyıl Türk şiirinden şeçmeler/
Sorumluluk Bildirimi N. Ziya Bakırcıoğlu ; N. Ziya Bakırcıoğlu.
264 #1 - ÜRERİM, YAYIN, DAĞITIM ve TELİF BİLDİRİMİ
Yayın yeri İstanbul :
Yayınlayan Ötüken
Yayın tarihi 1999
300 ## - FİZİKSEL TANIMLAMA
Sayfa, Cilt vb. 383 sayfa; 19 cm.
336 ## - İÇERİK TÜRÜ
Content type term metin
Content type code txt
Source rdacontent
337 ## - MEDYA TÜRÜ
Media type term aracısız
Media type code n
Source rdamedia
338 ## - TAŞIYICI TÜRÜ
Carrier type term cilt
Carrier type code nc
Source rdacarrier
505 ## - İÇİNDEKİLER NOTU
İçindekiler Notu Önce tek cilt halinde yayınlanmış, gördüğü büyük alaka üzerine iki cilde tamamlanmış bir antolojidir. 20. yy. Türk şiirinin en güzel örneklerini bir araya getiren bir derlemedir. Bilinen ve bilinmeyen şairlerin en güzel şiirlerinin bir araya getirildiği, yıllar süren bir titizliğin ve araştırmanın eseridir. Zileli Ceyhuni ile başlar Çağdaş Azerbaycan Türk Şiirinden örneklerle biter. Şiirler seçilirken şairin hangi akıma, topluluğa, anlayışa dahil olduğu önemsenmemiştir. Şüphesiz, son yüzyılda yazılmış güzel şiirler bunlardan ibaret değildir ama okuyucu da teslim edecektir ki seçilmiş olan şiirler hem şairlerinin hem de edebiyatımızın en güzel şiirleridir.
650 #0 - KONU BAŞLIĞI EK GİRİŞ - KONU TERİMİ
Konusal terim veya coğrafi ad Türk edebiyatı--şiir.
9 (RLIN) 23943
650 #0 - KONU BAŞLIĞI EK GİRİŞ - KONU TERİMİ
Konusal terim veya coğrafi ad Turkish literature--poetry.
9 (RLIN) 23944
907 ## - LOCAL DATA ELEMENT G, LDG (RLIN)
a Şiir
942 ## - EK GİRİŞ ÖGELERİ (KOHA)
Source of classification or shelving scheme Library of Congress Classification
Koha item type Book
Holdings
Materyal Türü Kalıcı Konum Mevcut Konum Raf Yeri Sınıflandırma Kaynağı Edinim Bilgisi Ana Konular Alt Konular Yer Numarası Demirbaş Numarası Fatura Tarihi Maliyet, Alış Fiyatı Maliyet, Yenileme Fiyatı Geri Çekilme Durumu Kayıp Durumu Hasarlı Durumu Kredi için değil Kayıt Tarih Toplam Ödünçverme Son Görülme Tarihi Son Kontrol Tarihi Genel / Bağış Notu
Book Prof. Dr. Azmi Özcan Kütüphanesi Prof. Dr. Azmi Özcan Kütüphanesi Birûni Salonu Library of Congress Classification Bağış DİL VE EDEBİYAT Doğu Asya, Afrika, Okyanusya Dilleri ve Edebiyatları PL234 .B35 1999 0009690 13/08/2010 4.00 4.00         23/10/2009 13 05/12/2024 05/12/2024 Ötüken Yayınevi